00503nam a22001337a 4500020001800000082001600018100001800034245011000052260004600162650004000208942000700248952009700255999001700352 a9781610975964 a291.172 ROB aRobinson, Bob aChristians Meeting Hindus: an Analysis and Theological Critique of the Hindu-Christian Encounter in india aEugene bRegnum Books Internationalc2004 aInterfaith Dialogue-Christian Hindu cBK 00104070aHMIbHMId2015-08-20g0.00l0o291.172 ROBp11003301r2026-01-16w2026-01-16yBK c19657d19657